Книжно братство под прикритие (Запис номер 420373)
[ съкратено ]
| 000 -Лидер | |
|---|---|
| Контролно поле с фиксирана дължина | 01098nam a2200277 a 4500 |
| 003 - Код на организацията, давaща контролен номер | |
| Контролно поле | BLK |
| 005 - Дата и час на последна редакция | |
| Контролно поле | 20250717103135.0 |
| 008 - Елементи от данни с фиксирана дължина | |
| fixed length control field | 210525b bu |||||r|||| 00| | bu d |
| 020 ## - Международен стандартен номер на книга ISBN | |
| Международен стандартен номер на книга ISBN | 9786191573615 |
| 040 ## - Източник на каталожния запис | |
| Идентификатор на билиотеката - собственик на записа | BLK |
| 041 ## - Код за език | |
| Код за езика на текст/звукозапис или на отделно заглавие | Български |
| Код за езика КДБФ | Български |
| 080 ## - УДК | |
| Текстов определител УДК | Американска литература (на САЩ) |
| УДК код - определител по УДК | 821.111(73) |
| УДК - код + определител | 821.111(73)-31 |
| 100 ## - Редна дума - Автор | |
| R(LIN) | 457110 |
| Автор | Адамс, Лиса Кей |
| Авторска отговорност | първи автор |
| 139 ## - Редно поле | |
| Редна дума | Адамс, Лиса Кей |
| Авторски знак | Ад - А 28 |
| 245 ## - Сведения за заглавието | |
| Заглавие | Книжно братство под прикритие |
| Подзаглавни данни | Роман |
| Редно поле (дума) | Лиса Кей Адамс ; прев. от англ. Боряна Даракчиева |
| 260 ## - Област на издателските данни | |
| 9 (RLIN) | 213219 |
| Място на издаване, разпространение и проч. | София |
| Име на издателя, разпространителя и проч. | Ибис |
| Година на издаване | 2021 |
| 300 ## - Физическа характеристика | |
| Страници | 303 с. |
| Размери/Мащаб | 21 см |
| 380 ## - Жанр | |
| Жанр | Худож. лит. |
| 490 ## - СЕРИИ (Колекции) | |
| 9 (RLIN) | 206766 |
| Име на серия | Колекция Избрани съвременни любовни романи |
| 700 ## - Други автори (авторска отговорност) | |
| Лично име | Даракчиева, Боряна Неделчева |
| Дати, свързани с автора | 1975 - |
| 9 (RLIN) | 368058 |
| 852 ## - Местоположение | |
| Фондова буква | Заемна - подръчен фонд |
| Систематично-азбучна сигнатура | 821-31/А 28 Л |
| 852 ## - Местоположение | |
| Форматна сигнатура | Цб 313489 |
| Фондова буква | Хранилище |
| 999 ## - СИСТЕМНИ КОНТРОЛНИ НОМЕРА | |
| Koha biblionumber | 420373 |
| Koha biblioitemnumber | 420373 |
| 942 ## - АРТИКУЛИ | |
| Вид на библиотечния материал | Книги |
| Скрит в OPAC | Не |
| Периодичен библиозапис | Да |
| Koha issues (borrowed), all copies | 60 |
| 944 ## - СЪЗДАВАНЕ И РЕДАКЦИЯ на ЗАПИСА | |
| Създаване/Редакция | Създаване |
| Служител, извършил регистрацията/редакцията | 30530 |
| Статус, дата на статуса | Минев Младен |
| 999 ## - СИСТЕМНИ КОНТРОЛНИ НОМЕРА | |
| Koha biblioitemnumber | 420373 |
| Код за отписване | Код за изгубен артикул | Източник на класификационната схема | Код за повреда | Коз за рестрикции | Код за отдаване | Артикулен № | Име на библиотеката - собственик | Име на библиотеката, в която се намира в момента | Статус (Текущо местоположение) | Дата на вписване в системата | Местоположение - отдел | Цена в лева | Систематично азбучна сигнатура | Баркод | Цена в евро | Служебен тип на артикула |
|---|---|---|---|---|---|---|---|---|---|---|---|---|---|---|---|---|
| Не е изгубен | Universal Decimal Classification | Не е повреден | без рестрикции | заемане за дома | 838145 | Регионална библиотека "Любен Каравелов" Русе | Регионална библиотека "Любен Каравелов" Русе | Заемна - подръчен фонд | 2021-06-18 | Заемна - подръчен фонд | 11.18 | 821-31/А 28 Л | 120000857060 | 5.72 | Книги | |
| Не е изгубен | Universal Decimal Classification | Не е повреден | без рестрикции | заемане за дома | 838146 | Регионална библиотека "Любен Каравелов" Русе | Регионална библиотека "Любен Каравелов" Русе | Заемна - подръчен фонд | 2021-06-18 | Заемна - подръчен фонд | 11.18 | 821-31/А 28 Л | 120000857061 | 5.72 | Книги | |
| Не е изгубен | Universal Decimal Classification | Не е повреден | само за читалня | ползва се в читалня | 902383 | Регионална библиотека "Любен Каравелов" Русе | Регионална библиотека "Любен Каравелов" Русе | Хранилище | 2022-08-31 | Хранилище | 14.90 | Цб 313489 | 120000875210 | 7.62 | Книги |